00997cam a22002531 450000100060000000300080000600500170001400800390003103500190007004000270008904100080011608200220012410000290014624500720017526000620024730000290030950400360033865000360037465000340041094200120044499900170045695201350047395201350060815174BD-RjUL20211208235750.0140209s1964 paua b 001 0 eng a(BD-RjUL)15228 aDLCcOYUdBD-RjULbeng aeng a658bMCS 19642231 aMcNulty, James E.94721510aSome economic aspects of business organization /cJames E. McNulty. aPhiladelphia :bUniversity of Pennsylvania Press,cc1964. a122 p. :bill. ;c22 cm. aInclude bibliography and index. 0aIndustrial organization.947216 0aIndustrial management.947217 2ddccBK c15174d15174 00102ddc40708NFICaRUCLbRUCLcStackd1970-04-01eZeitlingerg47.60l0o658 MCS 1964r2014-02-09 00:00:00tC-2w2021-12-08yBK 00102ddc40708NFICaRUCLbRUCLcStackd1970-04-04eZeitlingerg47.20l0o658 MCS 1964r2016-11-28 00:00:00tC-3w2016-11-28yBK